01349cam a2200325 a 4500999001300000001000900013003000600022005001700028008004100045010001600086020002200102020002500124020002100149020002400170020001500194035003700209040006100246050002200307082001900329092001500348100002700363245004100390260003600431300002000467500008100487505029600568600003800864942001200902952010900914 c951d95125009558OCoLC20180830160552.0911205r19921991tnu 000 0 eng  a 91045871 a0840791585 (hard) a9780840791580 (hard) a0913367281 (pbk) a9780913367285 (pbk) a0340546107 a(OCoLC)25009558z(OCoLC)32255403 aDLCbengcDLCdXKKdBTCTAdBAKERdYDXCPdOCLCGdHNWdBDX00aBT202b.G689 199200a232220bG795W a232bG79731 aGreen, Michael,d1930-10aWho is this Jesus? /cMichael Green. aNashville :bO. Nelson,cc1992. a133 p. ;c17cm. aOriginally published: Sevenoaks, Kent, England : Hodder and Stoughton, 1991.0 aWho is this Jesus? -- What was he like? -- Where did it all start? -- What did he teach? -- What did he do? -- What did he claim? -- Why did he die? -- Was death the end? -- Can we meet him? -- What about the church? Jesus : what is the secular evidence? -- Jesus : can we trust the Gospels?00aJesus ChristxPerson and offices. 2ddccBK 00102ddc40708NFICaHMCbHMCcGENd2022-11-29o232 G795Wp012842r2022-11-29 00:00:00w2022-11-29yBK